000 00451nam a2200169Ia 4500
008 090201s9999 xx 000 0 und d
010 _aKPL-18427
040 _bइंग्रजी
041 _aइंग्रजी
082 _a13813
_b18427
100 _ad. v. tamhankar
245 _asardar patel
_cd. v. tamhankar
260 _c2004
_bgeorge allen & unwin ltd.
300 _a299
_bमोठा
600 _asardar patel
942 _cBOOK
999 _c214008
_d214008